Lógica viva : (Record no. 107241)

MARC details
000 -LEADER
campo de control de longitud fija 01073nac a2200301 a 4500
003 - IDENTIFICADOR DE NÚMERO DE CONTROL
campo de control CO-PeBPM
005 - FECHA Y HORA DE LA ÚLTIMA TRANSACCIÓN
campo de control 20260319110150.0
007 - CAMPO FIJO DE DESCRIPCIÓN FÍSICA--INFORMACIÓN GENERAL
campo de control de longitud fija ta
008 - DATOS DE LONGITUD FIJA--INFORMACIÓN GENERAL
campo de control de longitud fija 240613s1979c]||ck |||||||||||||| spand||
020 ## - NÚMERO INTERNACIONAL ESTÁNDAR DEL LIBRO
Número Internacional Estándar del Libro 8466000356
040 ## - FUENTE DE CATALOGACIÓN
Centro catalogador/agencia de origen CO-PeBPM
Lengua de catalogación spa
Centro/agencia transcriptor CO-PeBPM
Normas de descripción rda
041 ## - CÓDIGO DE IDIOMA
Código de lengua del texto/banda sonora o título independiente spa
082 04 - NÚMERO DE LA CLASIFICACIÓN DECIMAL DEWEY
Número de clasificación 160 V393l
Número de edición 22
100 1# - ENTRADA PRINCIPAL--NOMBRE DE PERSONA
Nombre de persona Vaz Ferreira, Carlos,
Fechas asociadas al nombre 1872-1958
Término indicativo de función/relación autor
245 10 - MENCIÓN DEL TÍTULO
Título Lógica viva :
Resto del título : Moral para intelectuales
Mención de responsabilidad, etc. / Carlos Vaz Ferreira; prólogo Manuel Claps; cronología Sara Vaz Ferreira
260 ## - PUBLICACIÓN, DISTRIBUCIÓN, ETC.
Nombre del editor, distribuidor, etc. Caracas, Venezuela
Lugar de publicación, distribución, etc. : Biblioteca Ayacucho
Fecha de publicación, distribución, etc. , 1979
300 ## - DESCRIPCIÓN FÍSICA
Extensión 529 páginas
Dimensiones 22 centimetros
336 ## - TIPO DE CONTENIDO
Fuente rdacontent
Término de tipo de contenido texto
Código de tipo de contenido txt
337 ## - TIPO DE MEDIO
Fuente rdamedia
Nombre/término del tipo de medio sin mediación
Código del tipo de medio n
338 ## - TIPO DE SOPORTE
Fuente rdacarrier
Nombre/término del tipo de soporte volumen
Código del tipo de soporte nc
500 ## - NOTA GENERAL
Nota general Incluye indice al final del texto
500 ## - NOTA GENERAL
Nota general Contiene bibliografía al final del texto
650 17 - PUNTO DE ACCESO ADICIONAL DE MATERIA--TÉRMINO DE MATERIA
Término de materia o nombre geográfico como elemento de entrada Lógica
-- Etica profesional
-- Ética
Fuente del encabezamiento o término LEMB
700 ## - ENTRADA AGREGADA--NOMBRE PERSONAL
Nombre de persona Claps, Manuel
Término indicativo de función/relación Prólogo
700 ## - ENTRADA AGREGADA--NOMBRE PERSONAL
Nombre de persona Vaz Ferreira, Sara
Término indicativo de función/relación Cronología
942 ## - ELEMENTOS DE ENTRADA SECUNDARIOS (KOHA)
Fuente del sistema de clasificación o colocación Clasificación Decimal Dewey
Suprimir en OPAC No
Tipo de ítem Koha Libros
Holdings
Estatus retirado Estado de pérdida Fuente del sistema de clasificación o colocación Estado de daño No para préstamo Colección Biblioteca de origen Biblioteca actual Ubicación en estantería Fecha de adquisición Fuente de adquisición Total de préstamos Signatura topográfica completa Código de barras Visto por última vez Copia número Precio de reemplazo Tipo de ítem Koha
    Clasificación Decimal Dewey     General BIBLIOTECA PÚBLICA MUNICIPAL RAMON CORREA MEJIA BIBLIOTECA PÚBLICA MUNICIPAL RAMON CORREA MEJIA Colección general 19/03/2021 Donación de Orlando Sierra   160 V393l 46792 19/03/2026 Ej. 1 19/03/2026 Libros

Powered by Koha